[Event "HUN-chT2 Barcza 1617"]
[Site "Hungary"]
[Date "2016.11.13"]
[Round "4.9"]
[White "Szanto, Imre"]
[Black "Hajnal, Gyula"]
[Result "1-0"]
[WhiteElo "1828"]
[BlackElo "1914"]
[PlyCount "85"]
[EventDate "2016.09.25"]
[EventType "team-tourn"]
[EventRounds "11"]
[EventCountry "HUN"]
[SourceTitle "EXT 2021"]
[Source "ChessBase"]
[SourceDate "2020.10.23"]
[SourceVersion "1"]
[SourceVersionDate "2020.10.23"]
[SourceQuality "1"]
[WhiteTeam "Hajduszoboszlo"]
[BlackTeam "Mezokovesd"]
[WhiteTeamCountry "HUN"]
[BlackTeamCountry "HUN"]

1. e4 c5 2. Nf3 Nc6 3. d4 cxd4 4. Nxd4 a6 5. Nc3 e6 6. Be3 Nf6 7. Be2 Bb4 8. Nxc6 bxc6 9. Bg5 Be7 10. Qd2 Rb8 11. Rb1 0-0 12. 0-0 h6 13. Bf4 Ra8 14. a3 d5 15. e5 Nd7 16. Bd3 f5 17. exf6 Rxf6 18. Rfe1 Qf8 19. Bg3 Bd6 20. Bxd6 Qxd6 21. Be2 e5 22. Rbd1 Qf8 23. Nxd5 Rg6 24. Nb4 a5 25. Nxc6 Bb7 26. Bb5 Nb6 27. Qd3 Rxc6 28. Bxc6 Bxc6 29. Qb3+ Kh8 30. Qxb6 Rc8 31. Rxe5 Qf6 32. Re3 Qg6 33. Rd8+ Kh7 34. f3 Rxd8 35. Qxd8 Bb5 36. Qxa5 Ba6 37. Qd5 Qb6 38. Qe4+ Kh8 39. b4 Bb7 40. Qe8+ Kh7 41. Kf2 Bd5 42. Qe5 Bf7 43. c4 1-0

[Event "HUN-chT2 Barcza 1415"]
[Site "Hungary"]
[Date "2014.09.07"]
[Round "?"]
[White "Szanto, Imre"]
[Black "Runda, Mate Bence"]
[Result "1/2-1/2"]
[WhiteElo "1780"]
[BlackElo "1903"]
[PlyCount "81"]
[EventDate "2014.09.07"]
[EventType "team-tourn"]
[EventRounds "11"]
[EventCountry "HUN"]
[SourceTitle "EXT 2016"]
[Source "ChessBase"]
[SourceDate "2015.10.08"]
[SourceVersion "1"]
[SourceVersionDate "2015.10.08"]
[SourceQuality "1"]
[WhiteTeam "Hajduszoboszlo"]
[BlackTeam "Miskolc Sakkiskola"]
[WhiteTeamCountry "HUN"]
[BlackTeamCountry "HUN"]

1. e4 d6 2. d4 Nf6 3. Bd3 g6 4. c4 Nbd7 5. Be3 Bg7 6. Nd2 c6 7. Ngf3 Ng4 8. 0-0 Nxe3 9. fxe3 e5 10. Kh1 a5 11. a4 0-0 12. Qc2 Qe7 13. Rac1 b6 14. Nb3 c5 15. dxc5 dxc5 16. Nbd2 Nf6 17. Qb3 Rd8 18. h3 Bb7 19. Bc2 Rd6 20. Kh2 Rad8 21. Rf2 h5 22. Qc3 Ng4+ 23. hxg4 hxg4 24. Rcf1 gxf3 25. Nxf3 Bc8 26. Kg1 Bg4 27. Nh2 Be6 28. Nf3 Bd7 29. b3 Be8 30. Qb2 Bh6 31. Qc1 Rf6 32. Bb1 Rfd6 33. Bc2 f6 34. Qe1 Bc6 35. Nh4 Kg7 36. Re2 Qb7 37. Qg3 Bg5 38. Nf3 Bh6 39. Nh4 Bg5 40. Nf3 Bh6 41. Nh4 1/2-1/2

[Event "HUN-chT2 Barcza 1314"]
[Site "Hungary"]
[Date "2014.04.13"]
[Round "10"]
[White "Szanto, Imre"]
[Black "Vodila, Martin Botond"]
[Result "1/2-1/2"]
[WhiteElo "1750"]
[BlackElo "1653"]
[PlyCount "45"]
[EventDate "2013.09.08"]
[EventType "team-tourn"]
[EventRounds "11"]
[EventCountry "HUN"]
[SourceTitle "EXT 2016"]
[Source "ChessBase"]
[SourceDate "2015.10.08"]
[SourceVersion "1"]
[SourceVersionDate "2015.10.08"]
[SourceQuality "1"]
[WhiteTeam "Hajduszoboszlo"]
[BlackTeam "Edeleny"]
[WhiteTeamCountry "HUN"]
[BlackTeamCountry "HUN"]

1. e4 d5 2. exd5 Qxd5 3. Nc3 Qa5 4. d4 c6 5. Bd2 Nf6 6. Nf3 Bf5 7. Bc4 e6 8. 0-0 Nbd7 9. Re1 Qc7 10. Ne5 Bd6 11. Bf4 Nb6 12. Bd3 Bxd3 13. Qxd3 0-0-0 14. Bg3 Nh5 15. Ne4 Nxg3 16. Nxd6+ Rxd6 17. Qxg3 Rxd4 18. Qxg7 Rhd8 19. Qxf7 Qxf7 20. Nxf7 Rf8 21. Ng5 Rd2 22. Rad1 Rfxf2 23. Rxd2 1/2-1/2